=LDR 00000nam 2200000 4500 =001 INLIS000000000040890 =005 20140708125846.0 =006 =007 =008 ind =035 ##$$a 0010-061300000040890 =041 ##$$a ind =082 ##$$a 813 =090 ##$$a 813, Sob k =100 ##$$a Sobbary, Mohammad =245 ##$$a Kidung/Mohammad Sobbary =260 ##$$a 2009 $b Jakarta =300 ##$$a 262 hlm., 21 cm =650 ##$$a Fiksi =850 ##$$a NBPNMAT